<?xml version="1.0" encoding="UTF-8"?>
<record
    xmlns:xsi="http://www.w3.org/2001/XMLSchema-instance"
    xsi:schemaLocation="http://www.loc.gov/MARC21/slim http://www.loc.gov/standards/marcxml/schema/MARC21slim.xsd"
    xmlns="http://www.loc.gov/MARC21/slim">

  <leader>00346nam a22001457a 4500</leader>
  <controlfield tag="003">SGT</controlfield>
  <datafield tag="020" ind1=" " ind2=" ">
    <subfield code="a">9789384852474</subfield>
  </datafield>
  <datafield tag="082" ind1=" " ind2=" ">
    <subfield code="a">340,PAR</subfield>
  </datafield>
  <datafield tag="100" ind1=" " ind2=" ">
    <subfield code="a">PARANJAPE, N.P.</subfield>
  </datafield>
  <datafield tag="245" ind1=" " ind2=" ">
    <subfield code="a">STUDIES IN JURISPRUDENCE AND LEGAL THEORY</subfield>
  </datafield>
  <datafield tag="260" ind1=" " ind2=" ">
    <subfield code="a">ALLAHABAD</subfield>
    <subfield code="b">CENTRAL LAW AGENCY </subfield>
    <subfield code="c">2016</subfield>
  </datafield>
  <datafield tag="300" ind1=" " ind2=" ">
    <subfield code="a">640</subfield>
  </datafield>
  <datafield tag="650" ind1=" " ind2=" ">
    <subfield code="a">JURISPRUDENCE</subfield>
  </datafield>
  <datafield tag="942" ind1=" " ind2=" ">
    <subfield code="2">ddc</subfield>
    <subfield code="c">BK</subfield>
    <subfield code="0">36</subfield>
  </datafield>
  <datafield tag="952" ind1=" " ind2=" ">
    <subfield code="0">0</subfield>
    <subfield code="1">3</subfield>
    <subfield code="2">ddc</subfield>
    <subfield code="4">0</subfield>
    <subfield code="7">0</subfield>
    <subfield code="8">LAW</subfield>
    <subfield code="a">SSSL</subfield>
    <subfield code="b">SSSL</subfield>
    <subfield code="c">TXT</subfield>
    <subfield code="d">2016-12-13</subfield>
    <subfield code="e">COMMERICAL BOOK HOUSE </subfield>
    <subfield code="g">500.00</subfield>
    <subfield code="i">SGTU</subfield>
    <subfield code="l">0</subfield>
    <subfield code="o">340,PAR</subfield>
    <subfield code="p">FL1416</subfield>
    <subfield code="r">2016-12-13 00:00:00</subfield>
    <subfield code="w">2016-07-25</subfield>
    <subfield code="y">BK</subfield>
    <subfield code="k">922</subfield>
  </datafield>
  <datafield tag="952" ind1=" " ind2=" ">
    <subfield code="0">0</subfield>
    <subfield code="1">0</subfield>
    <subfield code="2">ddc</subfield>
    <subfield code="4">0</subfield>
    <subfield code="7">0</subfield>
    <subfield code="8">LAW</subfield>
    <subfield code="a">SSSL</subfield>
    <subfield code="b">SSSL</subfield>
    <subfield code="c">TXT</subfield>
    <subfield code="d">2016-12-13</subfield>
    <subfield code="e">COMMERICAL BOOK HOUSE </subfield>
    <subfield code="g">500.00</subfield>
    <subfield code="i">SGTU</subfield>
    <subfield code="l">37</subfield>
    <subfield code="m">2</subfield>
    <subfield code="o">340,PAR</subfield>
    <subfield code="p">FL1417</subfield>
    <subfield code="r">2026-04-10 00:00:00</subfield>
    <subfield code="s">2025-10-31</subfield>
    <subfield code="w">2016-07-25</subfield>
    <subfield code="y">BK</subfield>
    <subfield code="k">922</subfield>
  </datafield>
  <datafield tag="952" ind1=" " ind2=" ">
    <subfield code="0">0</subfield>
    <subfield code="1">0</subfield>
    <subfield code="2">ddc</subfield>
    <subfield code="4">0</subfield>
    <subfield code="7">0</subfield>
    <subfield code="8">LAW</subfield>
    <subfield code="a">SSSL</subfield>
    <subfield code="b">SSSL</subfield>
    <subfield code="c">TXT</subfield>
    <subfield code="d">2016-12-13</subfield>
    <subfield code="e">COMMERICAL BOOK HOUSE </subfield>
    <subfield code="g">500.00</subfield>
    <subfield code="i">SGTU</subfield>
    <subfield code="l">11</subfield>
    <subfield code="m">2</subfield>
    <subfield code="o">340,PAR</subfield>
    <subfield code="p">FL1418</subfield>
    <subfield code="q">2022-01-14</subfield>
    <subfield code="r">2021-11-15 00:00:00</subfield>
    <subfield code="s">2021-11-15</subfield>
    <subfield code="w">2016-07-25</subfield>
    <subfield code="y">BK</subfield>
    <subfield code="k">922</subfield>
  </datafield>
  <datafield tag="952" ind1=" " ind2=" ">
    <subfield code="0">0</subfield>
    <subfield code="1">0</subfield>
    <subfield code="2">ddc</subfield>
    <subfield code="4">0</subfield>
    <subfield code="7">0</subfield>
    <subfield code="8">LAW</subfield>
    <subfield code="a">SSSL</subfield>
    <subfield code="b">SSSL</subfield>
    <subfield code="c">TXT</subfield>
    <subfield code="d">2016-12-13</subfield>
    <subfield code="e">COMMERICAL BOOK HOUSE </subfield>
    <subfield code="g">500.00</subfield>
    <subfield code="i">SGTU</subfield>
    <subfield code="l">24</subfield>
    <subfield code="m">1</subfield>
    <subfield code="o">340,PAR</subfield>
    <subfield code="p">FL1419</subfield>
    <subfield code="q">2026-02-06</subfield>
    <subfield code="r">2026-01-07 00:00:00</subfield>
    <subfield code="s">2026-01-07</subfield>
    <subfield code="w">2016-07-25</subfield>
    <subfield code="y">BK</subfield>
    <subfield code="k">922</subfield>
  </datafield>
  <datafield tag="952" ind1=" " ind2=" ">
    <subfield code="0">0</subfield>
    <subfield code="1">0</subfield>
    <subfield code="2">ddc</subfield>
    <subfield code="4">0</subfield>
    <subfield code="7">1</subfield>
    <subfield code="8">LAW</subfield>
    <subfield code="a">SSSL</subfield>
    <subfield code="b">SSSL</subfield>
    <subfield code="c">REF</subfield>
    <subfield code="d">2016-12-13</subfield>
    <subfield code="e">COMMERICAL BOOK HOUSE </subfield>
    <subfield code="g">500.00</subfield>
    <subfield code="i">SGTU</subfield>
    <subfield code="o">340,PAR</subfield>
    <subfield code="p">FL1420</subfield>
    <subfield code="r">2016-12-13 00:00:00</subfield>
    <subfield code="w">2016-07-25</subfield>
    <subfield code="y">BK</subfield>
    <subfield code="k">922</subfield>
  </datafield>
  <datafield tag="999" ind1=" " ind2=" ">
    <subfield code="c">10204</subfield>
    <subfield code="d">10204</subfield>
  </datafield>
</record>
